| 000 | 00000nas 2200000za 4500 |
| 001 | 9.839693 |
| 003 | CaOODSP |
| 005 | 20241210082349 |
| 007 | cr ||||||||||| |
| 008 | 170714c20069999onc x m o||||f0 |0fre|d |
| 040 | |aCaOODSP|bfre |
| 043 | |an-cn--- |
| 086 | 1 |aFB12-7F-PDF |
| 130 | 0 |aDocuments d'information (Banque du Canada) |
| 245 | 10|aDocuments d'information |h[ressource électronique] |
| 260 | |aOttawa : |bBanque du Canada. |
| 310 | |aIrrégulier. |
| 362 | 1 |a[2006]- |
| 520 | 3 |aSérie de courts textes portant sur divers sujets liés aux principales fonctions de la Banque du Canada. |
| 692 | 07|2gccst|aBanque |
| 692 | 07|2gccst|aOpération bancaire |
| 710 | 2 |aBanque du Canada. |
| 775 | 08|tBackgrounders |w(CaOODSP)9.839691 |